| 000 | 01193aam a2200397a 44500 | ||
|---|---|---|---|
| 008 | 081204s2005 cat | ||
| 017 | _aV-2361-2005 | ||
| 041 | _acat | ||
| 041 | _bspa | ||
| 080 | _a347.73(038) | ||
| 100 |
_aLozano Serrano, Carmelo _973276 |
||
| 245 | _aVocabulari de dret financer: Català / castellà | ||
| 245 | _cCarmelo Lozano Serrano | ||
| 245 | _cSalvador Montesinos Oltra | ||
| 260 | _a[València] | ||
| 260 | _bUniversitat de València. Servei de Política Lingüística: Facultat de Dret | ||
| 260 | _c2005 | ||
| 300 |
_a29 p. _c21 cm |
||
| 490 | _aVocabularis Universitaris Bàsics. Dret; 8 | ||
| 500 | _aCategoria gramatical, sinònims, remissions | ||
| 500 | _aÍndex castellà | ||
| 520 | _a319 | ||
| 591 | _a9999 | ||
| 592 | _aObra terminològica | ||
| 593 | _aMDA | ||
| 594 | _a9999 | ||
| 650 |
_adret financer i tributari _963909 |
||
| 700 |
_aMontesinos Oltra, Salvador _973277 |
||
| 830 |
_aVocabularis Universitaris Bàsics. Dret; 8 _973278 |
||
| 901 | _c<2005> | ||
| 902 | _a081204 | ||
| 942 |
_cMO _n0 |
||
| 999 |
_c65107 _d65107 |
||